| 000 | 01410nam a2200253Ia 4500 | ||
|---|---|---|---|
| 003 | OSt | ||
| 005 | 20220923225408.0 | ||
| 006 | a|||||r|||| 00| 0 | ||
| 007 | ta | ||
| 008 | 220922b |||||||| |||| 00| 0 hin d | ||
| 020 | _c450 | ||
| 024 | _a265,848 | ||
| 037 |
_b369, 17/02/2011, Vani Prakashan _cTextual |
||
| 040 |
_aARTS _cARTS _bhin |
||
| 041 |
_2hin _ahin |
||
| 082 | _aY15vN9, 152P5 | ||
| 100 | _aराधा कुमार; रमा शंकर सिंह 'दिव्यदृष्टि', संपा. | ||
| 245 | 0 |
_aस्त्री संघर्ष का इतिहास _b भारत में सन् 18 - 19 के दौरान महिला अधिकारों के लिए किये गये आंदोंलनों एवं नारीवाद का सचित्र दस्तावेज |
|
| 246 | _aStrī sangharṣha kā itihāsa: bhārat mean san 1800 - 1900 ke daurān hinilā adhikāroan ke lie kiye gaye āandoanlanoan evan nārīvād kā sachitra dastāveja | ||
| 260 |
_aनयी दिल्ली _b वाणी प्रकाशन _c2005 |
||
| 300 |
_a375पृ. _ccm. |
||
| 942 |
_hY15vN9, 152P5 _cTEXL _2CC |
||
| 999 |
_c377951 _d377951 |
||